A. Massie, Peuple prophétique et nation témoin. Le peuple juif dans le Contra Faustum manichaeum de saint Augustin, Paris 2011 - [Rezension]
| Main Author: | |
|---|---|
| Format: | Print Review |
| Language: | Undetermined language |
| Check availability: | HBZ Gateway |
| Interlibrary Loan: | Interlibrary Loan for the Fachinformationsdienste (Specialized Information Services in Germany) |
| Published: |
2011
|
| In: |
Augustinian studies
Year: 2011, Volume: 42, Pages: 263-270 |
| Further subjects: | B
Book review
B Israel Antiquity B Augustinus, Aurelius Saint (354-430) Contra Faustum Manichaeum |
MARC
| LEADER | 00000caa a22000002c 4500 | ||
|---|---|---|---|
| 001 | 1827477369 | ||
| 003 | DE-627 | ||
| 005 | 20221219102405.0 | ||
| 007 | tu | ||
| 008 | 221215s2011 xx ||||| o 00| ||und c | ||
| 035 | |a (DE-627)1827477369 | ||
| 035 | |a (DE-599)KXP1827477369 | ||
| 040 | |a DE-627 |b ger |c DE-627 |e rakwb | ||
| 084 | |a 1 |2 ssgn | ||
| 100 | 1 | |e VerfasserIn |0 (DE-588)101751982X |0 (DE-627)690362323 |0 (DE-576)353864498 |4 aut |a TeSelle, Eugene |d 1931- | |
| 109 | |a TeSelle, Eugene 1931- | ||
| 245 | 1 | 0 | |a A. Massie, Peuple prophétique et nation témoin. Le peuple juif dans le Contra Faustum manichaeum de saint Augustin, Paris 2011 - [Rezension] |
| 264 | 1 | |c 2011 | |
| 336 | |a Text |b txt |2 rdacontent | ||
| 337 | |a ohne Hilfsmittel zu benutzen |b n |2 rdamedia | ||
| 338 | |a Band |b nc |2 rdacarrier | ||
| 500 | |a Rezension (Review) | ||
| 600 | 1 | 7 | |0 (DE-588)4348400-1 |0 (DE-627)163870330 |0 (DE-576)211497576 |a Augustinus, Aurelius |c Heiliger |d 354-430 |t Contra Faustum Manichaeum |2 gnd |
| 601 | |a Saint Augustine | ||
| 601 | |a Augustiner | ||
| 601 | |a Rezension | ||
| 651 | 7 | |0 (DE-588)4072956-4 |0 (DE-627)106093711 |0 (DE-576)209188804 |a Israel |g Altertum |2 gnd | |
| 655 | 7 | |a Rezension |0 (DE-588)4049712-4 |0 (DE-627)106186019 |0 (DE-576)209083166 |2 gnd-content | |
| 773 | 0 | 8 | |i Enthalten in |t Augustinian studies |d Villanova, Pa. : Villanova Univ. Press, 1970 |g 42(2011), Seite 263-270 |w (DE-627)166755508 |w (DE-600)301784-9 |w (DE-576)015192121 |x 0094-5323 |7 nnas |
| 773 | 1 | 8 | |g volume:42 |g year:2011 |g pages:263-270 |
| 935 | |a AUGU | ||
| 951 | |a AR | ||
| ELC | |b 1 | ||
| ITA | |a 1 |t 1 | ||
| LOK | |0 000 xxxxxcx a22 zn 4500 | ||
| LOK | |0 001 423269868X | ||
| LOK | |0 003 DE-627 | ||
| LOK | |0 004 1827477369 | ||
| LOK | |0 005 20221224110800 | ||
| LOK | |0 008 221215||||||||||||||||ger||||||| | ||
| LOK | |0 035 |a (DE-Tue135-4)zaf-33385 | ||
| LOK | |0 040 |a DE-Tue135-4 |c DE-627 |d DE-Tue135-4 | ||
| LOK | |0 092 |o n | ||
| LOK | |0 689 |a t |0 182690087X |t Contra Faustum Manicheum = c. Faust. |x 00 | ||
| LOK | |0 689 |a s |0 1826902724 |a historia Israel | ||
| LOK | |0 689 |a s |0 1826904751 |a Iudaei | ||
| LOK | |0 689 |a s |0 1826906363 |a Manichaei | ||
| LOK | |0 689 |a s |0 1826912908 |a saluatio, saluator, salus | ||
| LOK | |0 689 |a g |0 1826904689 |a Israel, Israelitae | ||
| LOK | |0 689 |a f |a Rezension | ||
| LOK | |0 852 |a DE-Tue135-4 | ||
| LOK | |0 852 1 |9 00 | ||
| LOK | |0 935 |a wumi | ||
| LOK | |0 939 |a 15-12-22 |b l01 | ||
| ORI | |a SA-MARC-ixtheoa001.raw | ||
| SYA | 0 | 0 | |a Augustinus, Aurelius,Heiliger,354-430,Contra Faustum,Augustinus, Aurelius,Heiliger,354-430,Contre Fauste le manichéen,Augustinus, Aurelius,Heiliger,354-430,Contra Faustum Manicheum,Augustinus, Aurelius,Heiliger,354-430,C. Faust. |
| SYF | 0 | 0 | |a Israel , Medinat Jisrael,Yiśraʾel,Ereṣ Yiśraʾel,Israël,Etat d'Israël,State of Israel,Yiśrāʾēl,Ereṣ Yiśrāʾēl,Medînat Yiśrā'ēl,Isrāʾīl,Izrael , Israel,Israel,Isrā'īl al-Kaskari |